Historical figures a---z - Statistics

General Stats
  • This quiz has been taken 27 times
  • The average score is 11 of 26
Answer Stats
Hint Answer % Correct
E: King of Rock and Roll Elvis Presley
86%
I: Physician who founded the gravity law Isaac Newton
86%
D: English princess she has two sons who are princes Princess Diana
86%
C: The man who discovered America Cristopher Columbus
81%
N: French emperor Napoleon Bonaparte
81%
G: The American president who led the invasion of Iraq George W. Bush
76%
V: The Russian leader who led a revolution in Russia in 1917 Vladimir Lenin
76%
L: Longest reigned King of France Louis XIV
71%
S: Former president of Iraq, executed in 2006 Saddam Hussein
62%
X: Persian King Xerxes I
62%
P: Famous philosopher Plato
57%
U: 12th century Pope Urban III
52%
A: Famous Austrian-German composer Amadeus Mozart
48%
O: Founder of the Ottoman Dynasty Osman I
33%
Q: Founder of the chinese empire: Qin dynasty Qin Shi
19%
B: First Lebanese president after the independence Bechara Khoury
14%
J: Well-known Egyptian president Jamal Abdel Nasser
14%
Z: Iranian spirituel leader Zoroaster
14%
M: Ottoman Sultan who put end to the byzantine empire Mehmet II
10%
R: Former PM of Lebanon, assassinated in 2005 Rafiq Hariri
10%
T: Famous Pharaon Tutankhamoun
10%
H: One of the famous king of England Henry VIII of England
5%
K: Ottoman Sultana Kosem
5%
Y: Old testament prophet (name in arabic) Yussef
5%
F: Former King of Saudi Arabia Faysal bin Abelaziz
0%
W: British King who earned the nickname "Sailor King" William IV of UK
0%
No matching quizzes found
Score Distribution
Percent of People with Each Score
Percentile by Number Answered
Your Score History
You have not taken this quiz